000 01187nab a2200229 i 4500
001 BPP
003 BPK
005 20160129122338.0
008 160129s1982 pl | | |000 ||pol
040 _cBPK
080 _a627.2/.3
100 _aOLEK, Krystyna.
_d1979 - 1982.
_bWyższa Szkoła Inżynierska w Koszalinie - Instytut Nauk Społecznych,
_cZakład Ekonomii Politycznej
245 _aOptymalny system cen usług portowych a ceny za usługi w polskich portach morskich /
_cKrystyna Olek.
260 _c1982.
500 _aDane z autopsji.
520 _aMechanizm ustalania ceny jest dla każdego przedsiębiorstwa sprawą bardzo ważną. Szczególnego znaczenia problem ten nabiera w przypadku portów, które będąc przedsiębiorstwami usługowymi biorą czynny udział w handlu zagranicznym. Działalność tego typu stwarza możliwości szybkiego i łatwego napływu zysku.
650 _aPrzedsiębiorstwo usługowe.
650 0 _aHandel zagraniczny.
650 _aPorty - handel i usługi.
773 _iW :
_tZeszyty Naukowe Wyższej Szkoły Inżynierskiej w Koszalinie. Prace Instytutu Nauk Społecznych. -
_g1982, nr 2, s. 87-97
942 _cART
_2UKD
999 _c5119
_d5119